| 000 | 00539nam a2200205 a 4500 | ||
|---|---|---|---|
| 001 | 0001-1529 | ||
| 003 | ELIB.Books | ||
| 008 | 170522 2010 eng | ||
| 020 | _a9781400280230 | ||
| 092 |
_a658.409 _bMAX |
||
| 100 | _aMaxwell, John C. | ||
| 245 |
_aSuccess 101 _bWhat Every Leader Needs To Know |
||
| 260 |
_aNashville _bThomas Nelson _c2008 |
||
| 300 |
_a120 _c16.2 cm |
||
| 650 | _aSuccess in Business | ||
| 942 |
_2ddc _cBK |
||
| 990 | _a1 | ||
| 998 |
_aEnglishbooks.elf _ccat _e2017-05-22 |
||
| 999 |
_c11529 _d11529 |
||